Abkürzungen von Fernsehsendern - Statistiken

Allgemein
  • Dieses Quiz wurde 427 mal gespielt
    385 seit der letzten Aktualisierung
  • Das Durchschnittsergebnis liegt bei 12 aus 19
Antwortstatistiken
Akronym Fernsehsender % Korrekt
KiKa {Kinder} Kanal
99%
WDR {Westdeutscher} Rundfunk
97%
NDR {Norddeutscher} Rundfunk
94%
ZDF {Zweites} {Deutsches} Fernsehen
93%
BR {Bayerischer} Rundfunk
86%
hr {Hessischer} Rundfunk
86%
MDR {Mitteldeutscher} Rundfunk
85%
ORF 1 {Österreichischer} Rundfunk 1
78%
Rbb Rundfunk {Berlin}-{Brandenburg}
76%
SRF 1 {Schweizer} Radio und Fernsehen 1
61%
RTL Radio {Television} {Luxembourg}
60%
SWR {Südwestrundfunk}
60%
n-tv {Nachrichten}-Television
54%
Sat.1 {Satelliten} Fernsehen 1
48%
SR {Saarländischer} Rundfunk
47%
HSE24 {Home} {Shopping} Europe 24
30%
QVC {Quality}, Value, Convenience
25%
ARD {Arbeitsgemeinschaft} der öffentlich-rechtlichen {Rundfunkanstalten} der Bundesrepublik {Deutschland}
15%
Arte {Association} Relative à la Télévision Européenne
10%
Keine übereinstimmenden Quizze gefunden
Verteilung der Resultate
Anzahl Personen mit jedem Resultat
Perzentil nach korrekt beantworteten Fragen
Ihre Resultats-Entwicklung
Sie haben dieses Quiz seit der letzten Aktualisierung nicht gespielt